| 000 | 00502nam a22001697a 4500 | ||
|---|---|---|---|
| 999 |
_c5735 _d5735 |
||
| 003 | OSt | ||
| 005 | 20200123102502.0 | ||
| 008 | 161116b xxu||||| |||| 00| 0 eng d | ||
| 082 | _aDPer 910.5 T69 Jan-Aug 2015 v. 1-4 | ||
| 100 |
_917563 _aTolentino, Reg. |
||
| 245 |
_aRetaking the road/ _cReg Tolentino. |
||
| 260 |
_aPhilippines: _bOne Mega Group, _c©Jan-Aug 2015. |
||
| 300 |
_av1, page 20: _billustrations; _c28 cm. |
||
| 500 | _aTravel Now. | ||
| 650 | 0 |
_917564 _aAutomobile travel |
|
| 942 |
_2ddc _cPER |
||